000 00467nam a2200217Ia 4500
008 210210b1920 xxu||||| |||| 00| 0 eng d
041 _aeng
082 _a828/17
100 _aARTHUR (G)
245 _aLife of lord Kitchener Vol 1
260 _aLondon
_bMacmillan & Co. Ltd.
_c1920
440 _a1
650 _aVol
650 _aof
650 _alord
650 _aLife
650 _aKitchener
650 _a1
690 _aBiography
906 _a015865
999 _c135255
_d135255